000 00866nam a2200229Ii 4500
003 JO-AjNU
008 230605s9999||||xx |||||||||||||| ||und||
017 _a2021/2/1147
020 _a978-9957-8736-8-4
040 _aJO-AjNU
_bara
_erda
_cJO-AjNU
041 _aara
050 1 4 _aPJ6021.M3975 2021
100 3 _aمجمع الغة العربية الأردني,
_eauthor
_961358
245 0 0 _aالموسم الثقافي الثامن والثلاثون لمجمع اللغه العربية الأردني 2020
250 _aط1
264 3 1 _aعمان: مجمع اللغه العربية الاردني، 2021
300 _a239ص
336 _atext
_btxt
_2rdacontent
337 _aunmediated
_bn
_2rdamedia
338 _avolume
_bnc
_2rdacarrier
650 4 _aاللغه العربية- مؤتمرات- مقالالت ومحاضرات-الاردن-2020
_961359
999 _aA27731
_c31299
_d31299